000 00699nam a2200193 a 4500
003 0
005 20250411092229.0
008 060802s19uu xx 00 eng d
050 _aPHS SB 191.R5
_b.S47 2006
100 _aSerrano, Martin Timothy L.
245 _aThe Effects of peanut shells on the germination rate and growth rate of rice (Oryza sativa L.) /
_cMartin Timothy L. Serrano.
260 _aLas PiƱas City, Philippines :
_bSouthville International School and Colleges,
_c2006.
300 _a23 pages ;
_c28 cm.
504 _aIncludes bibliographical references.
650 _aRice
_xGermination.
650 _aPeanuts
_xBy-products.
650 _aPlant germination.
942 _2lcc
_cPASS
999 _c97663
_d97663